000 00289nam a22001337a 4500
008 170204b xxu||||| |||| 00| 0 eng d
020 _a86124
041 _aeng
080 _a61
100 _a3
101 _aSHM
245 _aDIAGNOSING LEARNING DIASBILITIES
_cBUSH, W.J
942 _2udc
_cBK
999 _c4641
_d4641